Statistics for Top 100 NBA Players 2016/2017 Season

Click here to take the quiz!

General Stats

  • This quiz has been taken 134 times
  • The average score is 66 of 100

Answer Stats

TeamRankAnswer% Correct
Cavaliers1Lebron James
100%
Warriors3Stephen Curry
100%
Thunder4Russell Westbrook
100%
Rockets5James Harden
100%
Pelicans6Anthony Davis
100%
Warriors2Kevin Durant
100%
Spurs7Kahwi Leonard
99%
Clippers9Chris Paul
98%
Wizards12John Wall
97%
Warriors18Klay Thompson
96%
Clippers16Blake Griffin
96%
Pacers11Paul George
96%
Cavaliers13Kyrie Irving
96%
Cavaliers52Tristan Thompson
96%
Trail Blazers10Damian Lillard
96%
Raptors21Kyle Lowry
96%
Kings8DeMarcus Cousins
95%
Raptors14Demar Derozan
94%
Spurs43Pau Gasol
93%
Grizzlies27Marc Gasol
93%
Warriors23Draymond Green
93%
Bulls17Jimmy Butler
93%
Cavaliers28Kevin Love
91%
Knicks24Carmelo Anthony
90%
Timberwolves20Karl Anthony-Towns
88%
Bulls26Dwayne Wade
88%
Bucks19Giannis Antetokounmpo
88%
Clippers29DeAndre Jordan
86%
Hornets33Kemba Walker
85%
Spurs15LaMarcus Aldridge
85%
Wizards42Bradley Beal
84%
Celtics25Isaiah Thomas
83%
Celtics32Al Horford
82%
Grizzlies35Mike Conley
81%
Jazz31Gordon Hayward
81%
Mavericks40Dirk Nowitzki
79%
Pistons30Andre Drummond
79%
Hawks39Dwight Howard
77%
Jazz38Rudy Gobert
76%
Heat34Hassan Whiteside
74%
Hawks22Paul Millsap
74%
Thunder49Steven Adams
73%
Cavaliers95JR Smith
72%
Suns74Devin Booker
71%
Rockets96Eric Gordon
70%
Magic37Serge Ibaka
69%
Magic94Aaron Gordon
69%
Trail Blazers46CJ McCollum
69%
Bucks90Jabari Parker
68%
Timberwolves62Andrew Wiggins
67%
Knicks44Kristaps Porzingis
67%
Suns45Eric Bledsoe
66%
Magic71Nikola Vucevic
66%
Nuggets75Nikola Jokic
64%
Thunder66Victor Oladipo
64%
Pistons53Reggie Jackson
63%
Heat54Goran Dragic
63%
Nets63Brook Lopez
63%
Warriors41Andre Iguodala
63%
Bulls83Robin Lopez
63%
Bucks48Khris Middleton
60%
Jazz36Derrick Favors
57%
Pacers51Jeff Teague
56%
Celtics65Avery Bradley
55%
76ers79Joel Embiid
54%
Cavaliers64Kyle Korver
52%
Wizards61Marcin Gortat
52%
Timberwolves69Ricky Rubio
52%
Grizzlies56Zach Randolph
51%
Pacers86Myles Turner
51%
Pacers92Thaddeus Young
50%
Hornets50Nicolas Batum
49%
Mavericks85Harrison Barnes
48%
Pelicans72Jrue Holiday
47%
Jazz59George Hill
46%
Raptors55Jonas Valanciunas
44%
Celtics57Jae Crowder
44%
Magic100Evan Fournier
43%
Clippers60JJ Redick
42%
Pistons76Tobias Harris
41%
Rockets78Trevor Ariza
41%
Hawks89Dennis Schroder
38%
Rockets77Clint Capela
37%
Kings73Rudy Gay
37%
Nuggets47Danilo Gallinari
37%
Wizards98Markieff Morris
35%
Raptors97Terrence Ross
35%
Thunder80Enes Kanter
33%
76ers82Nerlens Noel
31%
Grizzlies58Chandler Parsons
31%
Lakers67Luol Deng
30%
Mavericks93Andrew Bogut
28%
Hornets88Michael Kidd-Gilchrist
27%
Suns68Brandon Knight
27%
Pelicans84Tyreke Evans
27%
Pistons87Kentavious Caldwell-Pope
25%
Mavericks81Wesley Matthews
24%
Raptors70DeMarre Carroll
24%
Trail Blazers91Al-Farouq Aminu
19%
Magic99Bismack Biyombo
16%

Score Distribution

Percentile by Number Answered

Percent of People with Each Score

Your Score History

You have not taken this quiz